• 首页
  • 本馆介绍
  • 公告通知
  • 最新文献
  • 馆藏检索
  • 电子资源
  • 读者导购
  • 参考咨询
  • 我的图书馆
  • 登录
  • 详细信息显示
  • 放入我的书架
  • 预约/预借图书
  • 作者相关作品
  • 分类相关作品
  • 丛书相关作品
  • 出版社相关作品

书目信息

  • 表格格式
  • 工作单格式
  • 卡片格式
题名:
复数
    
 
作者: 陈汝作 编著
分册:  
出版信息: 上海   上海教育出版社  1997
页数: 162页
开本: 19cm
丛书名: 高中数学解题指导丛书
单 册:
中图分类: G634.62 , G633.6
科图分类:
主题词: 复数--解题--高中--教学参考资料 , 教育--各级
电子资源:
ISBN: 7-5320-4875-6
000 00686nam2 2200265 45
001 0198008513
005 20030109040936.0
010    @a7-5320-4875-6@dCNY4.90
100    @a19980212d1997 em y0chiy0121 ea
101 0  @achi
102    @aCN@b310000
105    @ay z 000yy
106    @ar
200 10 @a复数@Afu shu@f陈汝作编著
210    @a上海@c上海教育出版社@d1997
215    @a162页@d19cm
225 2  @a高中数学解题指导丛书
410  0 @120010@a高中数学解题指导丛书
606    @a复数@x解题@x高中@x教学参考资料
606 0  @a教育@x各级
690    @aG634.62@v3
690    @aG633.6
701  0 @a陈汝作@Achen ru zuo@4编著
801  0 @aCN@bNLC@c19980224
905    @dG633.6@e289
    
    复数/陈汝作编著.-上海:上海教育出版社,1997
    162页;19cm.-(高中数学解题指导丛书)
    
    
    ISBN 7-5320-4875-6:CNY4.90
    
●
相关链接 在E读中查询图书 在五车中查询图书 在当当中查询图书 在豆瓣中查询图书


正题名:复数     索取号:G633.6/289         预约/预借

序号 登录号 条形码 馆藏地/架位号 状态 备注
1 0293453   002934533   第四借阅区/ [索取号:G633.6/289] 在馆    
2 0293454   002934542   密集书库/ [索取号:G633.6/289] 在馆    
3 0293455   002934551   第四借阅区/ [索取号:G633.6/289] 在馆    
4 0293456   002934560   第四借阅区/ [索取号:G633.6/289] 在馆    
5 0293457   002934579   第四借阅区/ [索取号:G633.6/289] 在馆    
6 0293458   002934588   密集书库/ [索取号:G633.6/289] 在馆    
7 0293459   002934597   密集书库/ [索取号:G633.6/289] 在馆    
8 0293460   002934604   第四借阅区/ [索取号:G633.6/289] 在馆    
9 0293461   002934613   密集书库/ [索取号:G633.6/289] 在馆    
10 0293462   002934622   第一样本阅览室/ [索取号:G633.6/289] 在馆    
唐山师范学院图书馆 欢迎您!
大连网信软件有限公司© 版权所有